| 000 | 00721nam a22002057a 4500 | ||
|---|---|---|---|
| 005 | 20220412140608.0 | ||
| 008 | 220412b ||||| |||| 00| 0 eng d | ||
| 020 | _a9781137530493 | ||
| 040 | _cAIMIT LIBRARY | ||
| 082 |
_21 _a658.3 _bMARS |
||
| 100 |
_aMariappanadra, Sugumar. _929550 |
||
| 245 |
_aSustainable human resource management: _bstrategies, practices and challenges / _cBy Sugumar Mariappanadar. |
||
| 250 | _a1st ed. | ||
| 260 |
_aLondon : _bRed Globe Press , _c2019. |
||
| 300 |
_axv,339p. ; _bPB _c23.5 cm |
||
| 650 |
_aTraditional human resources. _929551 |
||
| 650 |
_aFraming sustainable HRM _929552 |
||
| 650 |
_aMeasurements for sustainable HRM practices. _929553 |
||
| 942 |
_2ddc _cBK _e1st _k658.3 MARS |
||
| 999 |
_c222395 _d222395 |
||